ՀՀ Գիտությունների ազգային ակադեմիայի հիմնարար գիտական գրադարան  =   Fundamental Scientific Library of NAS RA
Normal view MARC view

Entry Personal Name

Number of records used in: 16

001 - CONTROL NUMBER

  • control field: 908

003 - CONTROL NUMBER IDENTIFIER

  • control field: AM-YEHGA

005 - DATE AND TIME OF LATEST TRANSACTION

  • control field: 20250617070423.0

008 - FIXED-LENGTH DATA ELEMENTS

  • fixed length control field: 040923 a|ac|n|aab||||||||||||a |n|||||||

040 ## - CATALOGING SOURCE

  • Original cataloging agency: AM-YEHGA

100 1# - HEADING--PERSONAL NAME

  • Personal name: Սիմոնյան, Աբել Պողոսի,
  • Dates associated with a name: 1922-1994

400 1# - SEE FROM TRACING--PERSONAL NAME

  • Personal name: Սիմոնյան, Ա.Պ.
  • Fuller form of name: (Աբել Պողոսի),
  • Dates associated with a name: 1922-1994

400 1# - SEE FROM TRACING--PERSONAL NAME

  • Personal name: Симонян, Абел Погосович,
  • Dates associated with a name: 1897-1938

400 1# - SEE FROM TRACING--PERSONAL NAME

  • Personal name: Симонян, А.П.
  • Fuller form of name: (Абел Погосович),
  • Dates associated with a name: 1897-1938

400 1# - SEE FROM TRACING--PERSONAL NAME

  • Personal name: Simonyan, Abel Poghosi,
  • Dates associated with a name: 1897-1938

670 ## - SOURCE DATA FOUND

  • Source citation: Հայկական համառոտ հանրագիտարան, 2003 :
  • Information found: հ.4 (Սիմոնյան Աբել Պողոսի (15.8.1922, գ. Խնձորեսկ (ՀՀ Սյունիքի մարզ) - 3.6.1994, Երևան), պատմաբան։ Պատմ. գիտ. դ-ր (1969), պրոֆ. (1972)։ Գ.Պ. Սիմոնյանի եղբայրը)


ՀՀ ԳԱԱ հիմնարար գիտական գրադարան
ՀՀ,Երևան 0019
Մարշալ Բաղրամյան 24/6
հեռախոս:(374-10) 52-47-50
Հետադարձ կապ

All site content, except where otherwise noted, is licensed under a
Creative Commons License